Spectacular Buildings (Record no. 15137)

MARC details
000 -LEADER
fixed length control field 00391nam a2200157Ia 4500
008 - FIXED-LENGTH DATA ELEMENTS--GENERAL INFORMATION
fixed length control field 220803s9999 xx 000 0 und d
020 ## - INTERNATIONAL STANDARD BOOK NUMBER
International Standard Book Number 978-3-8228-4217-1
041 ## - LANGUAGE CODE
Language code of text/sound track or separate title eng
082 ## - DEWEY DECIMAL CLASSIFICATION NUMBER
Classification number 729 SCH
100 ## - MAIN ENTRY--PERSONAL NAME
Personal name Schleifer S Ed.
9 (RLIN) 23777
245 ## - TITLE STATEMENT
Title Spectacular Buildings
260 ## - PUBLICATION, DISTRIBUTION, ETC. (IMPRINT)
Place of publication, distribution, etc. Koln
Name of publisher, distributor, etc. Taschen
Date of publication, distribution, etc. 2007
300 ## - PHYSICAL DESCRIPTION
Extent 382p
500 ## - GENERAL NOTE
Keywords Landscape
650 ## - SUBJECT ADDED ENTRY--TOPICAL TERM
Topical term or geographic name as entry element Architectural Design
9 (RLIN) 23778
Holdings
Withdrawn status Lost status Damaged status Not for loan Collection code Home library Current library Shelving location Date acquired Vendor Cost, normal purchase price Full call number Barcode Date last seen Cost, replacement price Bill Date Koha item type Original Barcode
        Book of B Arch Dr. Bhanuben Nanavati College of Architecture Dr. Bhanuben Nanavati College of Architecture   22/03/2013 Rohan Book Centre 2100.00 728 SCH BNCA-BK-8287 03/08/2022 3500.00 22/03/2013 Reference book B008287